Dress your best : (Record no. 188)
[ view plain ]
| 000 -LEADER | |
|---|---|
| fixed length control field | 01417cam a22003374a 4500 |
| 005 - DATE AND TIME OF LATEST TRANSACTION | |
| control field | 20260322212009.0 |
| 008 - FIXED-LENGTH DATA ELEMENTS--GENERAL INFORMATION | |
| fixed length control field | data |
| 010 ## - LIBRARY OF CONGRESS CONTROL NUMBER | |
| LC control number | 2005013681 |
| 020 ## - INTERNATIONAL STANDARD BOOK NUMBER | |
| International Standard Book Number | 0307236714 |
| 020 ## - INTERNATIONAL STANDARD BOOK NUMBER | |
| International Standard Book Number | 9780307236715 |
| 040 ## - CATALOGING SOURCE | |
| Original cataloging agency | DLC |
| Transcribing agency | DLC |
| Modifying agency | DLC |
| 042 ## - AUTHENTICATION CODE | |
| Authentication code | pcc |
| 050 00 - LIBRARY OF CONGRESS CALL NUMBER | |
| Classification number | GT524 |
| Item number | .K45 2005 |
| 082 00 - DEWEY DECIMAL CLASSIFICATION NUMBER | |
| Classification number | 391 |
| Edition information | 22 |
| 092 ## - LOCALLY ASSIGNED DEWEY CALL NUMBER (OCLC) | |
| Classification number | 391 K45 2005 |
| 001 - CONTROL NUMBER | |
| control field | data |
| 100 1# - MAIN ENTRY--PERSONAL NAME | |
| Personal name | Kelly, Clinton. |
| 245 10 - TITLE STATEMENT | |
| Title | Dress your best : |
| Remainder of title | the complete guide to finding the style that's right for your body / |
| Statement of responsibility, etc. | Clinton Kelly & Stacy London. |
| 250 ## - EDITION STATEMENT | |
| Edition statement | 1st ed. |
| 260 ## - PUBLICATION, DISTRIBUTION, ETC. | |
| Place of publication, distribution, etc. | New York : |
| Name of publisher, distributor, etc. | Three Rivers Press, |
| Date of publication, distribution, etc. | c2005. |
| 300 ## - PHYSICAL DESCRIPTION | |
| Extent | 255 p. : |
| Other physical details | col. ill. ; |
| Dimensions | 24 cm. |
| 650 #0 - SUBJECT ADDED ENTRY--TOPICAL TERM | |
| Topical term or geographic name entry element | Clothing and dress |
| General subdivision | Psychological aspects. |
| 650 #0 - SUBJECT ADDED ENTRY--TOPICAL TERM | |
| Topical term or geographic name entry element | Fashion |
| General subdivision | Psychological aspects. |
| 700 1# - ADDED ENTRY--PERSONAL NAME | |
| Personal name | London, Stacy. |
| 856 41 - ELECTRONIC LOCATION AND ACCESS | |
| Materials specified | Table of contents only |
| Uniform Resource Identifier | <a href="http://www.loc.gov/catdir/toc/ecip0512/2005013681.html">http://www.loc.gov/catdir/toc/ecip0512/2005013681.html</a> |
| 856 42 - ELECTRONIC LOCATION AND ACCESS | |
| Materials specified | Contributor biographical information |
| Uniform Resource Identifier | <a href="http://www.loc.gov/catdir/enhancements/fy0622/2005013681-b.html">http://www.loc.gov/catdir/enhancements/fy0622/2005013681-b.html</a> |
| 856 42 - ELECTRONIC LOCATION AND ACCESS | |
| Materials specified | Publisher description |
| Uniform Resource Identifier | <a href="http://www.loc.gov/catdir/enhancements/fy0622/2005013681-d.html">http://www.loc.gov/catdir/enhancements/fy0622/2005013681-d.html</a> |
| 906 ## - LOCAL DATA ELEMENT F, LDF (RLIN) | |
| a | 7 |
| b | cbc |
| c | orignew |
| d | 1 |
| e | ecip |
| f | 20 |
| g | y-gencatlg |
| 925 0# - | |
| -- | acquire |
| -- | 2 shelf copies |
| -- | policy default |
| 955 ## - COPY-LEVEL INFORMATION (RLIN) | |
| -- | sf12 2005-05-12 |
| -- | sf15 2005-05-12 to Dewey |
| -- | sf03 2005-12-01 to BCCD |
| Withdrawn status | Lost status | Damaged status | Not for loan | Home library | Current library | Shelving location | Date acquired | Total checkouts | Full call number | Barcode | Date last seen | Price effective from | Koha item type |
|---|---|---|---|---|---|---|---|---|---|---|---|---|---|
| Centerville | Centerville | General stacks | 22/03/2026 | 391 22 | BC0010194 | 22/03/2026 | 22/03/2026 | Books |